|
|
|
|
| LEADER |
02789nam a22003733i 4500 |
| 001 |
EBC6606474 |
| 003 |
MiAaPQ |
| 005 |
20231204023216.0 |
| 006 |
m o d | |
| 007 |
cr cnu|||||||| |
| 008 |
231204s2021 xx o ||||0 eng d |
| 020 |
|
|
|a 9789814951586
|q (electronic bk.)
|
| 020 |
|
|
|z 9789814951579
|
| 035 |
|
|
|a (MiAaPQ)EBC6606474
|
| 035 |
|
|
|a (Au-PeEL)EBL6606474
|
| 035 |
|
|
|a (OCoLC)1251448066
|
| 040 |
|
|
|a MiAaPQ
|b eng
|e rda
|e pn
|c MiAaPQ
|d MiAaPQ
|
| 100 |
1 |
|
|a Binh.
|
| 245 |
1 |
0 |
|a Vietnam-China Agricultural Trade.
|
| 250 |
|
|
|a 1st ed.
|
| 264 |
|
1 |
|a Singapore :
|b ISEAS - Yusof Ishak Institute,
|c 2021.
|
| 264 |
|
4 |
|c Ã2021.
|
| 300 |
|
|
|a 1 online resource (42 pages)
|
| 336 |
|
|
|a text
|b txt
|2 rdacontent
|
| 337 |
|
|
|a computer
|b c
|2 rdamedia
|
| 338 |
|
|
|a online resource
|b cr
|2 rdacarrier
|
| 520 |
|
|
|a Agricultural products are one of Vietnam's most important exports, contributing considerably to the overall export turnover of the country.Vietnam's agricultural exports are easily affected by external factors. It is overly dependent on the Chinese market, and its agricultural products do not as yet meet strict global standards.Challenges facing Vietnam's export of fruits and vegetables to the Chinese market include technical barriers, long risk assessment periods, restrictions on products exported through official quotas to the Chinese market, and frequent changes in China's policy on border crossings.The ongoing COVID-19 pandemic has underscored the importance of market diversification to this sector.To further develop its agricultural export sector, Vietnam needs to gather and consolidate information on import standards and guide its farmers on product quality requirements. Besides, efforts to gradually diversify its markets are essential for it to avoid being dependent on a small number of partners and markets.Vietnam's participation in international organizations such as ASEAN, APEC, WTO, and AEC exemplifies its increasingly active efforts at seeking new development opportunities. The seventeen bilateral and multilateral free trade agreements which have been signed by Vietnam partly demonstrates efforts at achieving market diversification.
|
| 588 |
|
|
|a Description based on publisher supplied metadata and other sources.
|
| 590 |
|
|
|a Electronic reproduction. Ann Arbor, Michigan : ProQuest Ebook Central, 2023. Available via World Wide Web. Access may be limited to ProQuest Ebook Central affiliated libraries.
|
| 655 |
|
4 |
|a Electronic books.
|
| 700 |
1 |
|
|a Ha.
|
| 776 |
0 |
8 |
|i Print version:
|a Binh
|t Vietnam-China Agricultural Trade
|d Singapore : ISEAS - Yusof Ishak Institute,c2021
|z 9789814951579
|
| 797 |
2 |
|
|a ProQuest (Firm)
|
| 856 |
4 |
0 |
|u https://ebookcentral.proquest.com/lib/matrademy/detail.action?docID=6606474
|z Click to View
|